Lịch Thái Sơn La
Gồm có 2 phần: "Một số kiến thức chung về lịch" và " Lịch của người Thái đen Sơn La"
Kaydedildi:
| Yazar: | |
|---|---|
| Materyal Türü: | Kitap |
| Dil: | Undetermined |
| Baskı/Yayın Bilgisi: |
Hà Nội
Khoa học - Xã hội
2015
|
| Konular: | |
| Etiketler: |
Etiketle
Etiket eklenmemiş, İlk siz ekleyin!
|
| Thư viện lưu trữ: | Trung tâm Học liệu Trường Đại học Cần Thơ |
|---|
| LEADER | 00722nam a2200205Ia 4500 | ||
|---|---|---|---|
| 001 | CTU_209538 | ||
| 008 | 210402s9999 xx 000 0 und d | ||
| 082 | |a 529.309597 | ||
| 082 | |b H101/Q.1 | ||
| 100 | |a Trần, Vân Hạc | ||
| 245 | 0 | |a Lịch Thái Sơn La | |
| 245 | 0 | |c Trần Vân Hạc, Cà Văn Chung | |
| 260 | |a Hà Nội | ||
| 260 | |b Khoa học - Xã hội | ||
| 260 | |c 2015 | ||
| 520 | |a Gồm có 2 phần: "Một số kiến thức chung về lịch" và " Lịch của người Thái đen Sơn La" | ||
| 650 | |a Lịch,Calendar | ||
| 650 | |z Việt Nam,Vietnam | ||
| 904 | |i Trần Thu Thảo,Hải | ||
| 980 | |a Trung tâm Học liệu Trường Đại học Cần Thơ | ||